| 000 | 00375cam a22001337a 4500 | ||
|---|---|---|---|
| 008 | 180718b1969 xxu||||| |||| 00| 0 eng d | ||
| 082 | _aY1303 x54 R14 / 1 | ||
| 100 | _aRamachandran,V.G. | ||
| 245 |
_aLaw of land acquisition and compensation _cBy V.G. Ramachandran |
||
| 250 | _a4th | ||
| 260 |
_aLucknow _bEastern _c1969 |
||
| 300 | _a2v. | ||
| 650 | _aEminent domain --India. | ||
| 999 |
_c413043 _d413043 |
||